| 000 | 00665nam a2200205 a 4500 | ||
|---|---|---|---|
| 005 | 20241016063903.0 | ||
| 008 | 040216s2001 mx r 000 0 spa d | ||
| 020 | _a8470309382 | ||
| 035 | _aUPN01000131918 | ||
| 049 | _aCG | ||
| 050 | 4 |
_aBF1145 _bH5.6 |
|
| 245 | 0 | 0 |
_aHipnosis : _bfuentes históricas, marco conceptual y aplicaciones en psicología clínica / _ced. Jesús Gil Roales-Nieto, Gualberto Buela-Casal. |
| 260 |
_aMadrid : _bBiblioteca Nueva, _cc2001. |
||
| 300 | _a366 p. | ||
| 440 | 0 | _aPsicología universidad | |
| 650 | 4 | _aHIPNOSIS | |
| 650 | 4 |
_aPsicología _xInvestigación _915714 |
|
| 700 | 1 |
_aGil Roales-Nieto, Jesús, _eed. |
|
| 905 | _aLibro | ||
| 999 |
_c104073 _d104073 |
||